00786cam a22002413a 45000010005000000030006000050050017000110080041000280400015000690420007000840500009000911000034001002450103001342600029002375060030002665160020002966530042003166530058003587000026004167000033004428300028004758560041005034206PGUSA20140828083050.0030701s2003||||xxu|||||s|||||000 | eng d aPGUSAbeng adc 4aE7401 aLane, Franklin K.,d1864-192114aThe Letters of Franklin K. Lane, Personal and Politicalh[electronic resource] /cFranklin K. Lane bProject Gutenberg,c2003 aPublic domain in the USA. aElectronic text aWorld War, 1914-1918 -- United States aUnited States -- Politics and government -- 1913-19211 aLane, Anne Wintermute1 aWall, Louise Herrick,d1866- 0aProject Gutenbergv420640uhttp://www.gutenberg.org/ebooks/4206